000 00715nam a22001577a 4500
003 OSt
005 20151208104418.0
008 151208b xxu||||| |||| 00| 0 eng d
040 _cRUA
082 _aATM SAY 2004 B193 Or.1
100 _94521
_aSAY, TITH.
245 _aanalysis of agricultural equipment and machinery utilization in kompong leav district prey veng province (សិក្សាវិភាគ ពីការប្រើប្រាស់ឧបករណ៍ និង ម៉ាស៊ីនកសិកម្ម នៅក្នុងស្រុកកំពង់លាវ ខេត្តព្រៃវែង)
260 _aPhnom Pneh
_bRUA
_c2004
300 _ax, 47p.
_bill.
_c29cm.
942 _2ddc
_cATM
999 _c4212
_d4212